| 000 | 00896nam a22002297a 4500 | ||
|---|---|---|---|
| 003 | OSt | ||
| 005 | 20260505011831.0 | ||
| 008 | 260505b |||||||| |||| 00| 0 eng d | ||
| 020 | _a9781623610746 | ||
| 040 |
_aDWCL Main Lib. _cOC |
||
| 082 | _aProf. 306.7 C532c 2008 | ||
| 100 |
_aCanfield, jack _eCompiler |
||
| 245 |
_aChicken soup for the soul : _blove stories : stories of first dates, soul mates, and everlasting love / _cJack Canfield, Mark Victor Hansen, and Peter Vegso |
||
| 260 |
_aDeerfield Beach, FL : _bBacklist, LLC, a unit of Chicken Soup for the Soul Publishing, LLC, _cc2008 |
||
| 300 |
_axiii , 285 pages : _billustrations ; _c21 cm. |
||
| 650 | _a1. Man-woman relationships -- Anecdotes. | ||
| 650 | _a2. Love -- Anecdotes. | ||
| 650 | _a3. Anecdotes. | ||
| 700 |
_aI. Hansen, Mark Victor _eCompiler |
||
| 700 |
_aII. Vegso, Peter _eCompiler |
||
| 942 |
_2ddc _cPROF. _n0 |
||
| 999 |
_c10241 _d10241 |
||